书目信息 |
| 题名: |
数学分析全程导学及习题全解
|
|
| 作者: | 闫晓红 , 王贵鹏 主编 | |
| 分册: | 上 | |
| 出版信息: | 北京 中国时代经济出版社 2006 |
|
| 页数: | 275页 | |
| 开本: | 24cm | |
| 丛书名: | ||
| 单 册: | ||
| 中图分类: | O17 | |
| 科图分类: | ||
| 主题词: | 数学分析--高等学校--教学参考资料 , 数学分析 | |
| 电子资源: | ||
| ISBN: | 7-80169-898-3 | |
| 000 | 00983nam0 2200253 450 | |
| 001 | 010700020511 | |
| 005 | 20061120151610.17 | |
| 010 | @a7-80169-898-3@dCNY20.00 | |
| 100 | @a20060424d2006 em y0chiy0110 ea | |
| 101 | 0 | @achi |
| 102 | @aCN@b110000 | |
| 105 | @aak q 000yy | |
| 200 | 1 | @a数学分析全程导学及习题全解@9shu xue fen xi quan cheng dao xue ji xi ti quan jie@e华东师大第三版@h上@f闫晓红,王贵鹏主编 |
| 210 | @a北京@c中国时代经济出版社@d2006 | |
| 215 | @a275页@c图@d24cm | |
| 300 | @a21世纪高等院校经典教材同步辅导 | |
| 330 | @a本书是华东师范大学数学系编写的《数学分析》(第三版)的配套参考用书。全书对每一小节都总结了知识要点及思想方法,根据教材中的难点、知识点、重点归纳并将课后习题全解配合教材全程导学方便实用。本册为上册。 | |
| 606 | 0 | @a数学分析@x高等学校@j教学参考资料 |
| 606 | 0 | @a数学分析 |
| 690 | @aO17@v4 | |
| 701 | 0 | @a闫晓红@9yan xiao hong@4主编 |
| 701 | 0 | @a王贵鹏@9wang gui peng@4主编 |
| 801 | 0 | @aCN@bRENTIAN@c20061120 |
| 905 | @a10447@dO17@e127:1 | |
| 数学分析全程导学及习题全解:华东师大第三版.上/闫晓红,王贵鹏主编.-北京:中国时代经济出版社,2006 |
| 275页:图;24cm |
| 21世纪高等院校经典教材同步辅导 |
| ISBN 7-80169-898-3:CNY20.00 |
| 本书是华东师范大学数学系编写的《数学分析》(第三版)的配套参考用书。全书对每一小节都总结了知识要点及思想方法,根据教材中的难点、知识点、重点归纳并将课后习题全解配合教材全程导学方便实用。本册为上册。 |
| ● |
| 相关链接 |
|
|
|
|
正题名:数学分析全程导学及习题全解
索取号:O17/127:1
 
预约/预借
| 序号 | 登录号 | 条形码 | 馆藏地/架位号 | 状态 | 备注 |
| 1 | 0394521 | 203945213 | 第二样本阅览室/ [索取号:O17/127:1] | 在馆 | |
| 2 | 0394522 | 203945222 | 第三借阅区/ [索取号:O17/127:1] | 在馆 | |
| 3 | 0394523 | 203945231 | 第三借阅区/ [索取号:O17/127:1] | 在馆 | |
| 4 | 0394524 | 203945240 | 第三借阅区/ [索取号:O17/127:1] | 在馆 | |
| 5 | 0394525 | 203945259 | 第三借阅区/ [索取号:O17/127:1] | 在馆 | |
| 6 | 0394526 | 203945268 | 第三借阅区/ [索取号:O17/127:1] | 在馆 | |
| 7 | 0394527 | 203945277 | 第三借阅区/ [索取号:O17/127:1] | 在馆 |